<?xml version="1.0" encoding="UTF-8"?>
<collection xmlns="http://www.loc.gov/MARC21/slim">
 <record>
  <leader>04773nam a2200733 a 4500</leader>
  <controlfield tag="001">1/46228</controlfield>
  <controlfield tag="008">140415s2009    gr       b    001 0 gre  </controlfield>
  <datafield tag="020" ind1=" " ind2=" ">
   <subfield code="a">9789601521923</subfield>
  </datafield>
  <datafield tag="035" ind1=" " ind2=" ">
   <subfield code="l">49202</subfield>
  </datafield>
  <datafield tag="040" ind1=" " ind2=" ">
   <subfield code="a">GR-PeUP</subfield>
  </datafield>
  <datafield tag="082" ind1="0" ind2="0">
   <subfield code="a">333.79 ΦΟΡ</subfield>
  </datafield>
  <datafield tag="100" ind1="1" ind2=" ">
   <subfield code="a">Φορτσάκης, Θεόδωρος Π.</subfield>
  </datafield>
  <datafield tag="245" ind1="1" ind2="0">
   <subfield code="a">Δίκαιο της ενέργειας /</subfield>
   <subfield code="c">Θεόδωρος Π. Φορτσάκης.</subfield>
  </datafield>
  <datafield tag="260" ind1=" " ind2=" ">
   <subfield code="a">Αθήνα :</subfield>
   <subfield code="b">Σάκουλας,</subfield>
   <subfield code="c">2009.</subfield>
  </datafield>
  <datafield tag="300" ind1=" " ind2=" ">
   <subfield code="a">375 σ. ;</subfield>
   <subfield code="c">24 εκ.</subfield>
  </datafield>
  <datafield tag="500" ind1=" " ind2=" ">
   <subfield code="a">Τίτλος στα αγγλικά: Energy Law.</subfield>
  </datafield>
  <datafield tag="500" ind1=" " ind2=" ">
   <subfield code="a">Τίτλος στα γαλλικά: Le droit de l'energie.</subfield>
  </datafield>
  <datafield tag="500" ind1=" " ind2=" ">
   <subfield code="a">Τίτλος στα γερμανικά: Energierecht.</subfield>
  </datafield>
  <datafield tag="504" ind1=" " ind2=" ">
   <subfield code="a">Περιέχει βιβλιογραφία και ευρετήριο.</subfield>
  </datafield>
  <datafield tag="650" ind1=" " ind2="4">
   <subfield code="a">Ενέργεια.</subfield>
  </datafield>
  <datafield tag="650" ind1=" " ind2="4">
   <subfield code="a">Ενεργειακή πολιτική.</subfield>
  </datafield>
  <datafield tag="650" ind1=" " ind2="4">
   <subfield code="a">Ενέργεια</subfield>
   <subfield code="x">Οικονομικές απόψεις.</subfield>
  </datafield>
  <datafield tag="650" ind1=" " ind2="4">
   <subfield code="a">Ενέργεια</subfield>
   <subfield code="x">Δίκαιο και νομοθεσία.</subfield>
  </datafield>
  <datafield tag="650" ind1=" " ind2="4">
   <subfield code="a">Ενέργεια</subfield>
   <subfield code="x">Δίκαιο και νομοθεσία</subfield>
   <subfield code="z">Ελλάδα.</subfield>
  </datafield>
  <datafield tag="650" ind1=" " ind2="4">
   <subfield code="a">Ενέργεια</subfield>
   <subfield code="x">Βιομηχανία και εμπόριο</subfield>
   <subfield code="x">Δίκαιο και νομοθεσία</subfield>
   <subfield code="z">Ελλάδα.</subfield>
  </datafield>
  <datafield tag="650" ind1=" " ind2="4">
   <subfield code="a">Power resources</subfield>
   <subfield code="x">Political aspects.</subfield>
  </datafield>
  <datafield tag="650" ind1=" " ind2="4">
   <subfield code="a">Power resources</subfield>
   <subfield code="x">Economic aspects.</subfield>
  </datafield>
  <datafield tag="650" ind1=" " ind2="4">
   <subfield code="a">Energy &amp; natural resources law.</subfield>
  </datafield>
  <datafield tag="650" ind1=" " ind2="4">
   <subfield code="a">Energy industries</subfield>
   <subfield code="x">Law and legislation</subfield>
   <subfield code="z">Greece.</subfield>
  </datafield>
  <datafield tag="650" ind1=" " ind2="4">
   <subfield code="a">Power resources</subfield>
   <subfield code="x">Law and legislation</subfield>
   <subfield code="z">Greece.</subfield>
  </datafield>
  <datafield tag="852" ind1=" " ind2=" ">
   <subfield code="a">INST</subfield>
   <subfield code="b">UNIPILB</subfield>
   <subfield code="c">MAIN</subfield>
   <subfield code="e">20160415</subfield>
   <subfield code="h">333.79 ΦΟΡ</subfield>
   <subfield code="p">00174865</subfield>
   <subfield code="q">00174865</subfield>
   <subfield code="t">DESEN</subfield>
   <subfield code="y">0</subfield>
   <subfield code="4">4</subfield>
  </datafield>
  <datafield tag="852" ind1=" " ind2=" ">
   <subfield code="a">INST</subfield>
   <subfield code="b">UNIPILB</subfield>
   <subfield code="c">MAIN</subfield>
   <subfield code="e">20160415</subfield>
   <subfield code="h">333.79 ΦΟΡ</subfield>
   <subfield code="p">00174866</subfield>
   <subfield code="q">00174866</subfield>
   <subfield code="t">DESEN</subfield>
   <subfield code="y">0</subfield>
   <subfield code="4">3</subfield>
  </datafield>
  <datafield tag="852" ind1=" " ind2=" ">
   <subfield code="a">INST</subfield>
   <subfield code="b">UNIPILB</subfield>
   <subfield code="c">MAIN</subfield>
   <subfield code="e">20160415</subfield>
   <subfield code="h">333.79 ΦΟΡ</subfield>
   <subfield code="p">00174867</subfield>
   <subfield code="q">00174867</subfield>
   <subfield code="t">DESEN</subfield>
   <subfield code="y">0</subfield>
   <subfield code="4">2</subfield>
  </datafield>
  <datafield tag="852" ind1=" " ind2=" ">
   <subfield code="a">INST</subfield>
   <subfield code="b">UNIPILB</subfield>
   <subfield code="c">MAIN</subfield>
   <subfield code="e">20160415</subfield>
   <subfield code="h">333.79 ΦΟΡ</subfield>
   <subfield code="p">00174868</subfield>
   <subfield code="q">00174868</subfield>
   <subfield code="t">DESEN</subfield>
   <subfield code="y">0</subfield>
   <subfield code="4">1</subfield>
  </datafield>
  <datafield tag="852" ind1=" " ind2=" ">
   <subfield code="a">INST</subfield>
   <subfield code="b">UNIPILB</subfield>
   <subfield code="c">MAIN</subfield>
   <subfield code="e">20160415</subfield>
   <subfield code="h">333.79 ΦΟΡ</subfield>
   <subfield code="p">00174869</subfield>
   <subfield code="q">00174869</subfield>
   <subfield code="t">DESEN</subfield>
   <subfield code="y">0</subfield>
   <subfield code="4">8</subfield>
  </datafield>
  <datafield tag="852" ind1=" " ind2=" ">
   <subfield code="a">INST</subfield>
   <subfield code="b">UNIPILB</subfield>
   <subfield code="c">MAIN</subfield>
   <subfield code="e">20160415</subfield>
   <subfield code="h">333.79 ΦΟΡ</subfield>
   <subfield code="p">00174870</subfield>
   <subfield code="q">00174870</subfield>
   <subfield code="t">DESEN</subfield>
   <subfield code="y">0</subfield>
   <subfield code="4">7</subfield>
  </datafield>
  <datafield tag="852" ind1=" " ind2=" ">
   <subfield code="a">INST</subfield>
   <subfield code="b">UNIPILB</subfield>
   <subfield code="c">MAIN</subfield>
   <subfield code="e">20160415</subfield>
   <subfield code="h">333.79 ΦΟΡ</subfield>
   <subfield code="p">00174871</subfield>
   <subfield code="q">00174871</subfield>
   <subfield code="t">DESEN</subfield>
   <subfield code="y">0</subfield>
   <subfield code="4">6</subfield>
  </datafield>
  <datafield tag="852" ind1=" " ind2=" ">
   <subfield code="a">INST</subfield>
   <subfield code="b">UNIPILB</subfield>
   <subfield code="c">MAIN</subfield>
   <subfield code="e">20160415</subfield>
   <subfield code="h">333.79 ΦΟΡ</subfield>
   <subfield code="p">00174872</subfield>
   <subfield code="q">00174872</subfield>
   <subfield code="t">DESEN</subfield>
   <subfield code="y">0</subfield>
   <subfield code="4">5</subfield>
  </datafield>
  <datafield tag="852" ind1=" " ind2=" ">
   <subfield code="a">INST</subfield>
   <subfield code="b">UNIPILB</subfield>
   <subfield code="c">MAIN</subfield>
   <subfield code="e">20160415</subfield>
   <subfield code="h">333.79 ΦΟΡ</subfield>
   <subfield code="p">00174873</subfield>
   <subfield code="q">00174873</subfield>
   <subfield code="t">DESEN</subfield>
   <subfield code="y">0</subfield>
   <subfield code="4">9</subfield>
  </datafield>
  <datafield tag="852" ind1=" " ind2=" ">
   <subfield code="a">INST</subfield>
   <subfield code="b">UNIPILB</subfield>
   <subfield code="c">MAIN</subfield>
   <subfield code="e">20160415</subfield>
   <subfield code="h">333.79 ΦΟΡ</subfield>
   <subfield code="p">00174874</subfield>
   <subfield code="q">00174874</subfield>
   <subfield code="t">DESEN</subfield>
   <subfield code="y">0</subfield>
   <subfield code="4">10</subfield>
  </datafield>
  <datafield tag="852" ind1=" " ind2=" ">
   <subfield code="a">INST</subfield>
   <subfield code="b">UNIPILB</subfield>
   <subfield code="c">MAIN</subfield>
   <subfield code="e">20160415</subfield>
   <subfield code="h">333.79 ΦΟΡ</subfield>
   <subfield code="p">00174875</subfield>
   <subfield code="q">00174875</subfield>
   <subfield code="t">DESEN</subfield>
   <subfield code="y">0</subfield>
   <subfield code="4">11</subfield>
  </datafield>
  <datafield tag="852" ind1=" " ind2=" ">
   <subfield code="a">INST</subfield>
   <subfield code="b">UNIPILB</subfield>
   <subfield code="c">MAIN</subfield>
   <subfield code="e">20160415</subfield>
   <subfield code="h">333.79 ΦΟΡ</subfield>
   <subfield code="p">00174876</subfield>
   <subfield code="q">00174876</subfield>
   <subfield code="t">DESEN</subfield>
   <subfield code="y">0</subfield>
   <subfield code="4">12</subfield>
  </datafield>
  <datafield tag="852" ind1=" " ind2=" ">
   <subfield code="a">INST</subfield>
   <subfield code="b">UNIPILB</subfield>
   <subfield code="c">MAIN</subfield>
   <subfield code="e">20160415</subfield>
   <subfield code="h">333.79 ΦΟΡ</subfield>
   <subfield code="p">00174877</subfield>
   <subfield code="q">00174877</subfield>
   <subfield code="t">DESEN</subfield>
   <subfield code="y">0</subfield>
   <subfield code="4">13</subfield>
  </datafield>
  <datafield tag="852" ind1=" " ind2=" ">
   <subfield code="a">INST</subfield>
   <subfield code="b">UNIPILB</subfield>
   <subfield code="c">MAIN</subfield>
   <subfield code="e">20160415</subfield>
   <subfield code="h">333.79 ΦΟΡ</subfield>
   <subfield code="p">00174878</subfield>
   <subfield code="q">00174878</subfield>
   <subfield code="t">DESEN</subfield>
   <subfield code="y">0</subfield>
   <subfield code="4">14</subfield>
  </datafield>
  <datafield tag="852" ind1=" " ind2=" ">
   <subfield code="a">INST</subfield>
   <subfield code="b">UNIPILB</subfield>
   <subfield code="c">MAIN</subfield>
   <subfield code="e">20160415</subfield>
   <subfield code="h">333.79 ΦΟΡ</subfield>
   <subfield code="p">00174879</subfield>
   <subfield code="q">00174879</subfield>
   <subfield code="t">DESEN</subfield>
   <subfield code="y">0</subfield>
   <subfield code="4">15</subfield>
  </datafield>
  <datafield tag="852" ind1=" " ind2=" ">
   <subfield code="a">INST</subfield>
   <subfield code="b">UNIPILB</subfield>
   <subfield code="c">MAIN</subfield>
   <subfield code="e">20160415</subfield>
   <subfield code="h">333.79 ΦΟΡ</subfield>
   <subfield code="p">00174880</subfield>
   <subfield code="q">00174880</subfield>
   <subfield code="t">DESEN</subfield>
   <subfield code="y">0</subfield>
   <subfield code="4">16</subfield>
  </datafield>
  <datafield tag="852" ind1=" " ind2=" ">
   <subfield code="a">INST</subfield>
   <subfield code="b">UNIPILB</subfield>
   <subfield code="c">MAIN</subfield>
   <subfield code="e">20160415</subfield>
   <subfield code="h">333.79 ΦΟΡ</subfield>
   <subfield code="p">00174881</subfield>
   <subfield code="q">00174881</subfield>
   <subfield code="t">DESEN</subfield>
   <subfield code="y">0</subfield>
   <subfield code="4">17</subfield>
  </datafield>
  <datafield tag="852" ind1=" " ind2=" ">
   <subfield code="a">INST</subfield>
   <subfield code="b">UNIPILB</subfield>
   <subfield code="c">MAIN</subfield>
   <subfield code="e">20160415</subfield>
   <subfield code="h">333.79 ΦΟΡ</subfield>
   <subfield code="p">00174882</subfield>
   <subfield code="q">00174882</subfield>
   <subfield code="t">DESEN</subfield>
   <subfield code="y">0</subfield>
   <subfield code="4">18</subfield>
  </datafield>
  <datafield tag="852" ind1=" " ind2=" ">
   <subfield code="a">INST</subfield>
   <subfield code="b">UNIPILB</subfield>
   <subfield code="c">MAIN</subfield>
   <subfield code="e">20160415</subfield>
   <subfield code="h">333.79 ΦΟΡ</subfield>
   <subfield code="p">00174883</subfield>
   <subfield code="q">00174883</subfield>
   <subfield code="t">DESEN</subfield>
   <subfield code="y">0</subfield>
   <subfield code="4">19</subfield>
  </datafield>
  <datafield tag="852" ind1=" " ind2=" ">
   <subfield code="a">INST</subfield>
   <subfield code="b">UNIPILB</subfield>
   <subfield code="c">MAIN</subfield>
   <subfield code="e">20160415</subfield>
   <subfield code="h">333.79 ΦΟΡ</subfield>
   <subfield code="p">00174884</subfield>
   <subfield code="q">00174884</subfield>
   <subfield code="t">DESEN</subfield>
   <subfield code="y">0</subfield>
   <subfield code="4">20</subfield>
  </datafield>
  <datafield tag="852" ind1=" " ind2=" ">
   <subfield code="a">INST</subfield>
   <subfield code="b">UNIPILB</subfield>
   <subfield code="c">MAIN</subfield>
   <subfield code="e">20160415</subfield>
   <subfield code="h">333.79 ΦΟΡ</subfield>
   <subfield code="p">00174885</subfield>
   <subfield code="q">00174885</subfield>
   <subfield code="t">DESEN</subfield>
   <subfield code="y">0</subfield>
   <subfield code="4">21</subfield>
  </datafield>
  <datafield tag="852" ind1=" " ind2=" ">
   <subfield code="a">INST</subfield>
   <subfield code="b">UNIPILB</subfield>
   <subfield code="c">MAIN</subfield>
   <subfield code="e">20160415</subfield>
   <subfield code="h">333.79 ΦΟΡ</subfield>
   <subfield code="p">00174886</subfield>
   <subfield code="q">00174886</subfield>
   <subfield code="t">DESEN</subfield>
   <subfield code="y">0</subfield>
   <subfield code="4">22</subfield>
  </datafield>
  <datafield tag="852" ind1=" " ind2=" ">
   <subfield code="a">INST</subfield>
   <subfield code="b">UNIPILB</subfield>
   <subfield code="c">MAIN</subfield>
   <subfield code="e">20160415</subfield>
   <subfield code="h">333.79 ΦΟΡ</subfield>
   <subfield code="p">00174887</subfield>
   <subfield code="q">00174887</subfield>
   <subfield code="t">DESEN</subfield>
   <subfield code="y">0</subfield>
   <subfield code="4">23</subfield>
  </datafield>
  <datafield tag="852" ind1=" " ind2=" ">
   <subfield code="a">INST</subfield>
   <subfield code="b">UNIPILB</subfield>
   <subfield code="c">MAIN</subfield>
   <subfield code="e">20160415</subfield>
   <subfield code="h">333.79 ΦΟΡ</subfield>
   <subfield code="p">00174888</subfield>
   <subfield code="q">00174888</subfield>
   <subfield code="t">DESEN</subfield>
   <subfield code="y">23</subfield>
   <subfield code="4">24</subfield>
  </datafield>
  <datafield tag="852" ind1=" " ind2=" ">
   <subfield code="a">INST</subfield>
   <subfield code="b">UNIPILB</subfield>
   <subfield code="c">MAIN</subfield>
   <subfield code="e">20160531</subfield>
   <subfield code="h">333.79 ΦΟΡ</subfield>
   <subfield code="p">00175076</subfield>
   <subfield code="q">00175076</subfield>
   <subfield code="t">DESEN</subfield>
   <subfield code="y">0</subfield>
   <subfield code="4">30</subfield>
  </datafield>
  <datafield tag="852" ind1=" " ind2=" ">
   <subfield code="a">INST</subfield>
   <subfield code="b">UNIPILB</subfield>
   <subfield code="c">MAIN</subfield>
   <subfield code="e">20160531</subfield>
   <subfield code="h">333.79 ΦΟΡ</subfield>
   <subfield code="p">00175077</subfield>
   <subfield code="q">00175077</subfield>
   <subfield code="t">DESEN</subfield>
   <subfield code="y">0</subfield>
   <subfield code="4">29</subfield>
  </datafield>
  <datafield tag="852" ind1=" " ind2=" ">
   <subfield code="a">INST</subfield>
   <subfield code="b">UNIPILB</subfield>
   <subfield code="c">MAIN</subfield>
   <subfield code="e">20160531</subfield>
   <subfield code="h">333.79 ΦΟΡ</subfield>
   <subfield code="p">00175078</subfield>
   <subfield code="q">00175078</subfield>
   <subfield code="t">DESEN</subfield>
   <subfield code="y">0</subfield>
   <subfield code="4">27</subfield>
  </datafield>
  <datafield tag="852" ind1=" " ind2=" ">
   <subfield code="a">INST</subfield>
   <subfield code="b">UNIPILB</subfield>
   <subfield code="c">MAIN</subfield>
   <subfield code="e">20160531</subfield>
   <subfield code="h">333.79 ΦΟΡ</subfield>
   <subfield code="p">00175079</subfield>
   <subfield code="q">00175079</subfield>
   <subfield code="t">DESEN</subfield>
   <subfield code="y">0</subfield>
   <subfield code="4">28</subfield>
  </datafield>
  <datafield tag="852" ind1=" " ind2=" ">
   <subfield code="a">INST</subfield>
   <subfield code="b">UNIPILB</subfield>
   <subfield code="c">MAIN</subfield>
   <subfield code="e">20160531</subfield>
   <subfield code="h">333.79 ΦΟΡ</subfield>
   <subfield code="p">00175080</subfield>
   <subfield code="q">00175080</subfield>
   <subfield code="t">DESEN</subfield>
   <subfield code="y">0</subfield>
   <subfield code="4">25</subfield>
  </datafield>
  <datafield tag="852" ind1=" " ind2=" ">
   <subfield code="a">INST</subfield>
   <subfield code="b">UNIPILB</subfield>
   <subfield code="c">MAIN</subfield>
   <subfield code="e">20160531</subfield>
   <subfield code="h">333.79 ΦΟΡ</subfield>
   <subfield code="p">00175081</subfield>
   <subfield code="q">00175081</subfield>
   <subfield code="t">DESEN</subfield>
   <subfield code="y">0</subfield>
   <subfield code="4">26</subfield>
  </datafield>
  <datafield tag="852" ind1=" " ind2=" ">
   <subfield code="a">INST</subfield>
   <subfield code="b">UNIPILB</subfield>
   <subfield code="c">MAIN</subfield>
   <subfield code="e">20160531</subfield>
   <subfield code="h">333.79 ΦΟΡ</subfield>
   <subfield code="p">00175082</subfield>
   <subfield code="q">00175082</subfield>
   <subfield code="t">DESEN</subfield>
   <subfield code="y">0</subfield>
   <subfield code="4">33</subfield>
  </datafield>
  <datafield tag="852" ind1=" " ind2=" ">
   <subfield code="a">INST</subfield>
   <subfield code="b">UNIPILB</subfield>
   <subfield code="c">MAIN</subfield>
   <subfield code="e">20160531</subfield>
   <subfield code="h">333.79 ΦΟΡ</subfield>
   <subfield code="p">00175083</subfield>
   <subfield code="q">00175083</subfield>
   <subfield code="t">DESEN</subfield>
   <subfield code="y">0</subfield>
   <subfield code="4">32</subfield>
  </datafield>
  <datafield tag="852" ind1=" " ind2=" ">
   <subfield code="a">INST</subfield>
   <subfield code="b">UNIPILB</subfield>
   <subfield code="c">MAIN</subfield>
   <subfield code="e">20160531</subfield>
   <subfield code="h">333.79 ΦΟΡ</subfield>
   <subfield code="p">00175084</subfield>
   <subfield code="q">00175084</subfield>
   <subfield code="t">DESEN</subfield>
   <subfield code="y">0</subfield>
   <subfield code="4">31</subfield>
  </datafield>
  <datafield tag="852" ind1=" " ind2=" ">
   <subfield code="a">INST</subfield>
   <subfield code="b">UNIPILB</subfield>
   <subfield code="c">MAIN</subfield>
   <subfield code="e">20160531</subfield>
   <subfield code="h">333.79 ΦΟΡ</subfield>
   <subfield code="p">00175085</subfield>
   <subfield code="q">00175085</subfield>
   <subfield code="t">DESEN</subfield>
   <subfield code="y">0</subfield>
   <subfield code="4">34</subfield>
  </datafield>
 </record>
</collection>
